Normal view MARC view

Entry Topical Term

Number of records used in: 1

001 - CONTROL NUMBER

  • control field: 21014

003 - CONTROL NUMBER IDENTIFIER

  • control field:

005 - DATE AND TIME OF LATEST TRANSACTION

  • control field: 20230222123828.0

008 - FIXED-LENGTH DATA ELEMENTS

  • fixed length control field: 230222|| aca||aabn | a|a d

040 ## - CATALOGING SOURCE

  • Original cataloging agency:
  • Transcribing agency:

150 ## - HEADING--TOPICAL TERM

  • Topical term or geographic name entry element: Adewole Sunday Timothy Gbadega 1965-

670 ## - SOURCE DATA FOUND

  • Source citation: Work cat.: ()10672: ADEWOLE, Sunday aut 21013, By God's mercy /, 2021

National Library of Nigeria OPAC is powered by Koha